Statistics for Google Maps Cities - Germany

Click here to take the quiz!

General Stats

  • This quiz has been taken 78 times
    (54 since last reset)
  • The average score is 17 of 20

Answer Stats

City% Correct
Berlin
100%
Cologne
98%
Munich
98%
Frankfurt
96%
Hamburg
94%
Dusseldorf
90%
Bremen
88%
Dortmund
88%
Dresden
88%
Stuttgart
88%
Leipzig
86%
Nuremberg
84%
Hanover
82%
Essen
80%
Kiel
73%
Mannheim
73%
Augsburg
69%
Rostock
65%
Karlsruhe
61%
Lubeck
57%

Score Distribution

Percentile by Number Answered

Percent of People with Each Score

Your Score History

You have not taken this quiz since the last reset